A strategy for development / (Record no. 15287)

000 -LEADER
fixed length control field 00380cam a22001454a 4500
020 ## - INTERNATIONAL STANDARD BOOK NUMBER
ISBN 0821349805 (pbk.)
040 ## - CATALOGING SOURCE
Transcribing agency DLC
082 00 - DEWEY DECIMAL CLASSIFICATION NUMBER
Classification number 338 WOR 2002 A076 Or.
100 1# - MAIN ENTRY--AUTHOR NAME
Personal name Stern, N. H.
245 12 - TITLE STATEMENT
Title A strategy for development /
260 ## - PUBLICATION, DISTRIBUTION, ETC. (IMPRINT)
Place of publication Washington, D.C. :
Name of publisher World Bank,
Year of publication c2002.
300 ## - PHYSICAL DESCRIPTION
Number of Pages vi, 194 p. :
Other physical details ill. ;
Dimensions 23 cm.
650 #0 - SUBJECT ADDED ENTRY--TOPICAL TERM
Topical Term Development economics.
942 ## - ADDED ENTRY ELEMENTS (KOHA)
Koha item type សៀវភៅភាសាអង់គ្លេស
952 ## - LOCATION AND ITEM INFORMATION (KOHA)
Withdrawn status [LOCAL, KOHA] 0
Holdings
Permanent Location Date acquired Koha item type Lost status Shelving location Barcode Current Location Full call number
Library Block A2017-11-15សៀវភៅភាសាអង់គ្លេស A076A07220Library Block A338 WOR 2002 A076 Or.
មជ្ឈមណ្ឌលឯការនៃសាកលវិទ្យាល័យភូមិន្ទកសិកម្មចំការដូង

Powered by Koha